| 000 | 00409nam a2200157Ia 4500 | ||
|---|---|---|---|
| 008 | 240126s9999 xx 000 0 und d | ||
| 022 | _a0975-7708 | ||
| 041 | _aEnglish | ||
| 082 | _aLIBRARY-MBA | ||
| 245 | 0 | _aSamiksha | |
| 260 |
_bUnited Institute of Management _aAllahabad |
||
| 440 | _aNULL | ||
| 520 | _aExchange of PES Business Review with the above publisher | ||
| 650 | _aSamiksha | ||
| 942 | _cJN | ||
| 999 |
_c272842 _d272842 |
||